[Event "DRUZYNOWE MISTRZOSTWA POLSKI JUNIOROW - II LIGA"]
[Site "Szczyrk, CKiR Orle Gniazdo ul. Wrzosowa 28a"]
[Date "2014-07-28"]
[Round "5.1"]
[White "Ulanowski, Karol"]
[Black "Madej, Roman"]
[Result "1-0"]
[WhiteTitle "k"]
[BlackTitle "I"]
[WhiteElo "2124"]
[BlackElo "1756"]

1. e4 c6 2. d4 d5 3. Nc3 dxe4 4. Nxe4 Nd7 5. Ng5 Ngf6 6. Bd3 e6 7. N1f3 Bd6 8.
Qe2 h6 9. Ne4 Nxe4 10. Qxe4 Nf6 11. Qe2 Qc7 12. Bd2 b6 13. O-O-O Bb7 14. Ne5 O-O
15. g4 c5 16. g5 cxd4 17. gxf6 Bxe5 18. Rhg1 Bxf6 19. Qh5 Rfd8 20. Qxh6 Kf8 21.
Bb4+ Ke8 22. Qh5 a6 23. Rde1 Bd5 24. Kb1 b5 25. Re2 Qc6 26. Rge1 Rdc8 27. f4 Rab8
28. f5 e5 29. Rxe5+ Bxe5 30. Rxe5+ Kd8 31. f6 g6 32. Rxd5+ Kc7 33. Qe5+ Kb7 34.
Be4 Qc4 35. Rc5+ Kb6 36. Rxc4 bxc4 37. Qa5+ 1-0

[Event "DRUZYNOWE MISTRZOSTWA POLSKI JUNIOROW - II LIGA"]
[Site "Szczyrk, CKiR Orle Gniazdo ul. Wrzosowa 28a"]
[Date "2014-07-28"]
[Round "5.2"]
[White "Golenia, Jan"]
[Black "Wyczling, Bartosz"]
[Result "1/2-1/2"]
[WhiteTitle "II+"]
[BlackTitle "I"]
[WhiteElo "1624"]
[BlackElo "1766"]

1. d4 Nf6 2. Nf3 c5 3. d5 d6 4. c4 b5 5. e3 Bb7 6. Nc3 b4 7. Nb1 Nbd7 8. Nbd2 g6
9. Bd3 Bg7 10. O-O O-O 11. a4 bxa3 12. Rxa3 Nb6 13. b3 e5 14. e4 Ne8 15. Nb1 h6
16. Qc2 Bc8 17. Bd2 f5 18. b4 f4 19. bxc5 dxc5 20. Bc3 Nd7 21. Qb2 Qe7 22. Bc2
Nd6 23. Nbd2 g5 24. h3 h5 25. Nh2 Nb6 26. Bd3 g4 27. hxg4 hxg4 28. Rb1 Kf7 29.
Qa1 Nd7 30. Nxg4 Qg5 31. f3 a6 32. Kf1 Rh8 33. Kf2 Qh5 34. Bf1 Kg8 35. Ke2 Nf7
36. Ra5 Nh6 37. Nf2 Bf8 38. Qa4 Qg6 39. Qc6 Qxc6 40. dxc6 Nb8 41. Rxb8 Rxb8 42.
Bxe5 Rb6 43. Bxh8 Kxh8 44. Nd3 Rxc6 45. Nxf4 Kg7 46. Nd5 Nf7 47. f4 Bg4+ 48. Ke3
Nd8 49. Ra3 Bc8 50. g3 Ne6 51. Nb3 Nd4 52. Bd3 Rg6 53. Kf2 Nc6 54. Ra1 Rh6 55.
Kg2 Bh3+ 56. Kf3 Bc8 57. Ne3 Rh2 58. Be2 Kf7 59. Nf5 Bxf5 60. exf5 Nb4 61. Rd1
Kf6 62. Rd7 Be7 63. Rc7 Nc2 64. Rc6+ Kf7 65. Rxa6 Ne1+ 66. Ke3 Nc2+ 67. Kd2 Nb4
68. Ra7 Rg2 69. g4 Rh2 70. g5 Kf8 71. f6 Bd6 72. Ke3 Nc2+ 73. Kf3 Rh3+ 74. Kg4
Rxb3 75. Kf5 Nd4+ 76. Kg6 Nxe2 77. Rd7 Nxf4+ 78. Kf5 Rb6 79. g6 Nxg6 80. Kxg6
Ke8 81. Ra7 Rb1 82. f7+ Kd8 83. Ra8+ Kd7 84. f8=Q Bxf8 85. Rxf8 Rg1+ 86. Kh5 Rc1
87. Rf4 Kc6 88. Kg5 Kb6 89. Kf5 Ka5 90. Ke5 Kb4 91. Kd5 Rd1+ 92. Ke5 Re1+ 1/2-1/2

[Event "DRUZYNOWE MISTRZOSTWA POLSKI JUNIOROW - II LIGA"]
[Site "Szczyrk, CKiR Orle Gniazdo ul. Wrzosowa 28a"]
[Date "2014-07-28"]
[Round "5.3"]
[White "Belczewski, Jacek"]
[Black "Golenia, Wojciech"]
[Result "0-1"]
[WhiteTitle "I"]
[BlackTitle "II+"]
[WhiteElo "1753"]
[BlackElo "1700"]

1. d4 d5 2. c4 c6 3. Nc3 Nf6 4. cxd5 cxd5 5. Nf3 Nc6 6. Bf4 Bf5 7. e3 e6 8. Bd3
Bxd3 9. Qxd3 Bd6 10. Bg3 O-O 11. O-O Bxg3 12. hxg3 Rc8 13. Rac1 Qd7 14. a3 Na5
15. Ne5 Qe7 16. Na4 Nd7 17. Nxd7 Qxd7 18. Nc5 Qe7 19. Nb3 Nc4 20. Rc2 Rc7 21.
Rfc1 Rfc8 22. Qc3 Rc6 23. Qe1 g6 24. Qe2 R8c7 25. Rc3 Qf8 26. Nc5 Qc8 27. Nd3
a5 28. Nc5 b6 29. Nd3 Kg7 30. Qd1 Nd6 31. Rxc6 Rxc6 32. Rxc6 Qxc6 33. Ne5 Qb5
34. Qc2 Nc4 35. Nxc4 dxc4 36. Qc3 f6 37. e4 Qa4 38. Qd2 Qc6 39. f3 Qd6 40. Kf2
b5 41. Qc3 Qb6 42. Ke2 Kf7 43. f4 Qc6 44. Ke3 f5 45. exf5 gxf5 46. Qxa5 Qe4+ 47.
Kd2 Qxd4+ 48. Kc2 Qd3+ 49. Kc1 Qf1+ 50. Kc2 Qxg2+ 51. Kc1 Qxg3 52. Qc7+ Kg6 53.
Qe5 Qg1+ 54. Kc2 Qg2+ 55. Kc3 Qc6 56. Qe3 Qd6 57. Qg3+ Kf7 58. Qh4 Qd3+ 59. Kb4
Qb3+ 60. Kc5 Qxb2 61. Qxh7+ Qg7 62. Qh5+ Kf8 63. Qd1 Qb7 64. Qd8+ Kf7 65. Qh8
Qc7+ 66. Kxb5 Qxf4 67. Qh7+ Kf6 68. Qh8+ Ke7 69. a4 Qe4 70. Qg7+ Kd6 71. Qf8+
Ke5 72. Qg7+ Kf4 73. Qh6+ Kg4 74. Qg6+ Kf4 75. Qh6+ Kg4 76. Qg6+ Kf3 77. Qh5+
Ke3 78. Qh3+ Kd4 79. Qa3 Qb7+ 80. Ka5 Qc6 81. Qc3+ Ke4 82. Qc2+ Kf4 83. Qf2+ Qf3
84. Qd4+ Qe4 85. Qf2+ Ke5 86. Qb2+ Qd4 87. Qb8+ Ke4 88. Qb1+ Qd3 89. Qe1+ Qe3
90. Qb1+ Kd5 91. Qb7+ Kd4 92. Qb6+ Kd3 93. Qb1+ Ke2 94. Ka6 c3 95. Qa2+ Kd3 96.
Qb3 Kd2 97. Qb4 Qd3+ 98. Kb6 Ke3 99. a5 Qd8+ 100. Kb7 Qd5+ 101. Kb8 c2 102. Qc3+
Qd3 103. Qe1+ Kd4 104. Qb4+ Ke5 105. Qc5+ Ke4 106. Qb4+ Kf3 107. Qb7+ Ke2 108.
Qg2+ Ke1 109. Qg1+ Kd2 110. Qg5+ Kc3 111. Qf6+ Qd4 112. Qh6 Qb4+ 113. Ka7 Qxa5+
114. Kb7 Qd5+ 115. Kb6 Qd1 116. Qe3+ Qd3 117. Qc5+ Qc4 118. Qe3+ Kb2 119. Qd2
Kb1 120. Qe1+ c1=Q 121. Qf2 Qb2+ 122. Qxb2+ Kxb2 123. Kb7 Qc5 124. Kb8 Qe7 125.
Ka8 Kb3 126. Kb8 Kb4 127. Kc8 Kb5 0-1

[Event "DRUZYNOWE MISTRZOSTWA POLSKI JUNIOROW - II LIGA"]
[Site "Szczyrk, CKiR Orle Gniazdo ul. Wrzosowa 28a"]
[Date "2014-07-28"]
[Round "5.4"]
[White "Gawor, Jan Pawel"]
[Black "Lipiak, Mateusz"]
[Result "1/2-1/2"]
[WhiteTitle "II"]
[BlackTitle "I"]
[WhiteElo "1551"]
[BlackElo "1541"]

1. e4 Nf6 2. e5 Nd5 3. d4 d6 4. Nf3 dxe5 5. Nxe5 g6 6. c4 Nb6 7. Nc3 Bg7 8. Be3
O-O 9. Nf3 Bg4 10. Be2 Nc6 11. d5 Bxf3 12. Bxf3 Ne5 13. Bxb6 cxb6 14. Be2 Rc8
15. Qb3 Qc7 16. Nb5 Qc5 17. Rc1 a6 18. Na3 Qa5+ 19. Kf1 b5 20. Rd1 bxc4 21. Nxc4
Nxc4 22. Bxc4 b5 23. Be2 Rc7 24. g3 Rfc8 25. Bd3 Qb6 26. Kg2 Qd6 27. Rhe1 Rc5
28. Be4 Rc4 29. a3 R8c7 30. Rd2 e6 31. Bf3 e5 32. Qe3 Re7 33. Be2 Rc5 34. Red1
Rec7 35. b4 Rc3 36. Rd3 Rxd3 37. Qxd3 Bh6 38. f3 f5 39. Re1 Rd7 40. Rd1 Rc7 41.
Re1 Bf8 42. Rd1 Be7 43. Qe3 Kg7 44. h4 Qf6 45. Rc1 Qd6 46. Rd1 f4 47. Qe4 1/2-1/2

[Event "DRUZYNOWE MISTRZOSTWA POLSKI JUNIOROW - II LIGA"]
[Site "Szczyrk, CKiR Orle Gniazdo ul. Wrzosowa 28a"]
[Date "2014-07-28"]
[Round "5.5"]
[White "Olechnicka, Karolina"]
[Black "Tracz, Marcelina"]
[Result "1-0"]
[WhiteTitle "I++"]
[BlackTitle "I++"]
[WhiteElo "1723"]
[BlackElo "1760"]

1. e4 e5 2. Nf3 Nc6 3. d4 exd4 4. Bc4 Nf6 5. e5 d5 6. Bb5 Ne4 7. Nxd4 Bd7 8. Bxc6
bxc6 9. O-O Bc5 10. f3 Ng5 11. f4 Ne4 12. Be3 O-O 13. Nd2 Nxd2 14. Qxd2 Qe7 15.
Nb3 Bb6 16. Rae1 Bf5 17. Qc3 Qd7 18. Bc5 Rfe8 19. h3 h5 20. Re2 h4 21. Nd4 Be4
22. Kh2 Rab8 23. b3 Bxc5 24. Qxc5 Rb6 25. Nf3 Bxf3 26. Rxf3 Qe7 27. Qf2 f5 28.
g4 hxg3+ 29. Rxg3 Qf7 30. Rg5 Re7 31. Qh4 c5 32. Rh5 Qe6 33. Rg2 Kf7 34. Rh8 Rd7
35. Rxg7+ 1-0

[Event "DRUZYNOWE MISTRZOSTWA POLSKI JUNIOROW - II LIGA"]
[Site "Szczyrk, CKiR Orle Gniazdo ul. Wrzosowa 28a"]
[Date "2014-07-28"]
[Round "5.6"]
[White "Debowska, Michalina"]
[Black "Zalewska, Katarzyna"]
[Result "1-0"]
[WhiteTitle "II"]
[BlackTitle "I"]
[WhiteElo "1453"]
[BlackElo "1360"]

1. e4 e5 2. Nf3 Nc6 3. Bc4 Bc5 4. c3 Nf6 5. d4 exd4 6. cxd4 Bb4+ 7. Nc3 Nxe4 8.
O-O Bxc3 9. bxc3 d5 10. Bd3 O-O 11. Bxe4 dxe4 12. Ng5 f5 13. Qb3+ Kh8 14. Nf7+
Rxf7 15. Qxf7 Qe7 16. Qxe7 Nxe7 17. Bg5 Nd5 18. c4 Nb4 19. d5 Nd3 20. f3 exf3
21. Rxf3 Nc5 22. Re1 Ne4 23. Rxe4 h6 24. Re8+ Kh7 25. Bf4 c6 26. d6 b6 27. d7
Bxd7 28. Rxa8 Be6 29. Rxa7 Bxc4 30. Be5 1-0

[Event "DRUZYNOWE MISTRZOSTWA POLSKI JUNIOROW - II LIGA"]
[Site "Szczyrk, CKiR Orle Gniazdo ul. Wrzosowa 28a"]
[Date "2014-07-28"]
[Round "5.7"]
[White "Tomczak, Mikolaj"]
[Black "Tomaszewski, Kacper"]
[Result "1/2-1/2"]
[WhiteTitle "k"]
[BlackTitle "I++"]
[WhiteElo "2158"]
[BlackElo "2012"]

1. e4 c6 2. d4 d5 3. Nd2 dxe4 4. Nxe4 Bf5 5. Ng3 Bg6 6. h4 h6 7. Nf3 Nd7 8. h5
Bh7 9. Bd3 Bxd3 10. Qxd3 e6 11. Bd2 Ngf6 12. O-O-O Be7 13. Kb1 O-O 14. Ne4 Nxe4
15. Qxe4 Nf6 16. Qe2 Qd5 17. Ne5 Qe4 18. Qxe4 Nxe4 19. Be3 Rfd8 20. g4 c5 21.
f3 cxd4 22. Bxd4 Bc5 23. Bxc5 Nxc5 24. c4 a5 25. Kc2 Kf8 26. b3 Ke7 27. a3 Nd7
28. Nd3 Rac8 29. a4 Nf6 30. Ne5 Nd5 31. Rhe1 Nb4+ 32. Kc3 b6 33. Nd3 Nxd3 34.
Rxd3 Rxd3+ 35. Kxd3 Rc5 36. Ke4 g5 37. hxg6 fxg6 38. Rh1 h5 39. gxh5 gxh5 40.
Rg1 Kf6 41. Rg8 Re5+ 42. Kf4 Rf5+ 43. Ke4 Re5+ 44. Kf4 Rf5+ 45. Ke3 Re5+ 46. Kf2
Rc5 47. Rb8 Rc6 48. Kg3 Ke5 49. Rd8 Kf5 50. Kh4 Kf4 51. Rd3 e5 52. Kxh5 Re6 53.
Rc3 Rc6 54. Rd3 Re6 55. Rc3 1/2-1/2

[Event "DRUZYNOWE MISTRZOSTWA POLSKI JUNIOROW - II LIGA"]
[Site "Szczyrk, CKiR Orle Gniazdo ul. Wrzosowa 28a"]
[Date "2014-07-28"]
[Round "5.8"]
[White "Maj, Kornel"]
[Black "Pilzak, Marcin"]
[Result "1-0"]
[WhiteTitle "II"]
[BlackTitle "I++"]
[WhiteElo "1907"]
[BlackElo "1974"]

1. e4 c5 2. c3 d5 3. exd5 Qxd5 4. d4 Nf6 5. Nf3 e6 6. Be3 cxd4 7. cxd4 Be7 8. Nc3
Qd6 9. Bd3 O-O 10. O-O Nc6 11. a3 b6 12. Qe2 Bb7 13. Rad1 Rad8 14. Rfe1 Rfe8 15.
Bg5 Qb8 16. Ne4 Ng4 17. g3 Bxg5 18. Nexg5 Nf6 19. Nxh7 Nxh7 20. Bxh7+ Kxh7 21.
Ng5+ Kg8 22. Qh5 Rd7 23. d5 Nd8 24. Qh7+ Kf8 25. dxe6 Rxe6 26. Nxe6+ Nxe6 27.
Rxd7 Ke8 28. Qg8+ 1-0

[Event "DRUZYNOWE MISTRZOSTWA POLSKI JUNIOROW - II LIGA"]
[Site "Szczyrk, CKiR Orle Gniazdo ul. Wrzosowa 28a"]
[Date "2014-07-28"]
[Round "5.9"]
[White "Nowak, Mikolaj"]
[Black "Bilczewski, Kacper"]
[Result "1-0"]
[WhiteTitle "I"]
[BlackTitle "I"]
[WhiteElo "1717"]
[BlackElo "1834"]

1. e4 e5 2. Nf3 Nc6 3. Bc4 Nf6 4. d3 h6 5. O-O d6 6. h3 g6 7. Re1 Bg7 8. Be3 O-O
9. Nc3 Na5 10. Bb3 Nxb3 11. axb3 a6 12. Qd2 Kh7 13. Nh2 Be6 14. Rad1 c5 15. Ne2
Nh5 16. g4 Nf6 17. c4 Nd7 18. Rf1 Qb6 19. Qc2 f5 20. f3 f4 21. Bd2 Nb8 22. Ra1
Nc6 23. Bc3 Qc7 24. Rfb1 Rfb8 25. Ra3 b5 26. Be1 bxc4 27. bxc4 Nb4 28. Bxb4 cxb4
29. Raa1 Qb6+ 30. Kg2 a5 31. b3 Bf6 32. Ra2 Bd7 33. Nc1 Bh4 34. Nf1 Bc6 35. Qd2
Rf8 36. Rba1 h5 37. d4 hxg4 38. hxg4 Kg7 39. d5 Bd7 40. Nh2 Rh8 41. Nd3 Qd8 42.
Rh1 Qg5 43. c5 Bg3 44. c6 Rh7 45. Nf1 Rxh1 46. Kxh1 Rh8+ 47. Kg1 Qh4 48. Nxg3
fxg3 49. Qg2 Bxg4 50. fxg4 Qxg4 51. Qe2 Qh3 52. Qf3 Rf8 53. Qg2 Qg4 54. Qe2 Qh4
55. c7 Rh8 56. Qf3 Qe7 57. Rc2 Rc8 58. Qxg3 Rxc7 59. Qg2 Rc3 60. Rxc3 bxc3 61.
Qc2 Qg5+ 62. Kf1 Qg4 63. Nf2 Qf3 64. Qd3 Qf4 65. Qxc3 g5 1-0

[Event "DRUZYNOWE MISTRZOSTWA POLSKI JUNIOROW - II LIGA"]
[Site "Szczyrk, CKiR Orle Gniazdo ul. Wrzosowa 28a"]
[Date "2014-07-28"]
[Round "5.11"]
[White "Glapa, Anna"]
[Black "Bilczewska, Olga"]
[Result "1-0"]
[WhiteTitle "I++"]
[BlackTitle "II"]
[WhiteElo "1680"]
[BlackElo "1268"]

1. e4 d5 2. exd5 Nf6 3. d4 Bg4 4. Bb5+ c6 5. dxc6 Qa5+ 6. Nc3 Nxc6 7. f3 Bf5 8.
Nge2 O-O-O 9. Bxc6 bxc6 10. Bf4 h6 11. O-O g5 12. Be5 Bg7 13. Rb1 g4 14. b4 Qb6
15. Na4 Qb5 16. Nec3 Qc4 17. b5 Rhg8 18. bxc6 Qxc6 19. Nc5 Nd7 20. Nb5 Qa8 21.
Nxd7 Kxd7 22. fxg4 Be6 23. Nc7 Qe4 24. Nxe6 fxe6 25. Qf3 Qxf3 26. gxf3 Rc8 27.
Rb7+ Kd8 28. Rxa7 Rxc2 29. Rb1 Rc8 30. Kg2 Ke8 31. Rbb7 Bf8 32. a4 h5 33. Kg3
Rc3 34. h3 hxg4 35. hxg4 Kf7 36. d5 Re3 37. Bf4 Rd3 38. d6 Kf6 39. dxe7 Bxe7 40.
Rxe7 Rd5 41. g5+ Kg6 42. Rxe6+ Kf5 43. Rf6# 1-0

[Event "DRUZYNOWE MISTRZOSTWA POLSKI JUNIOROW - II LIGA"]
[Site "Szczyrk, CKiR Orle Gniazdo ul. Wrzosowa 28a"]
[Date "2014-07-28"]
[Round "5.12"]
[White "Stebel, Agata"]
[Black "Tomczak, Marta"]
[Result "1-0"]
[WhiteTitle "I"]
[BlackTitle "II"]
[WhiteElo "1616"]
[BlackElo "1293"]

1. e4 c5 2. c3 d5 3. exd5 Qxd5 4. d4 Nf6 5. Nf3 e6 6. Be2 Nc6 7. O-O cxd4 8. cxd4
Be7 9. Nc3 Qd6 10. Be3 O-O 11. a3 a6 12. Na4 Qc7 13. Rc1 b6 14. Ne5 Bb7 15. Bf3
Nd5 16. Bxd5 exd5 17. Qf3 Rad8 18. Rc3 Rd6 19. Rfc1 h6 20. Bf4 b5 21. Nxc6 Bxc6
22. Bxd6 Bxd6 23. Rxc6 Qe7 24. Nb6 Re8 25. g3 Qg5 26. Qxd5 Qd2 27. Rc8 Rxc8 28.
Rxc8+ Kh7 29. Qf5+ g6 30. Qxf7# 1-0

[Event "DRUZYNOWE MISTRZOSTWA POLSKI JUNIOROW - II LIGA"]
[Site "Szczyrk, CKiR Orle Gniazdo ul. Wrzosowa 28a"]
[Date "2014-07-28"]
[Round "5.13"]
[White "Korpalski, Maciej"]
[Black "Klimek, Marcin"]
[Result "0-1"]
[WhiteTitle "I"]
[BlackTitle "I"]
[WhiteElo "1739"]
[BlackElo "1800"]

1. e4 d5 2. exd5 Qxd5 3. Nc3 Qa5 4. Bc4 Nf6 5. d4 Nc6 6. Nf3 Bg4 7. O-O O-O-O 8.
Be3 e5 9. d5 e4 10. h3 Bxf3 11. gxf3 Ne5 12. Bb3 Nxf3+ 13. Kh1 Qb4 14. Bf4 g5
15. Bg3 h5 16. Qe2 h4 17. Bh2 g4 18. Rad1 g3 19. fxg3 hxg3 20. Bxg3 Rxh3+ 21.
Kg2 Rxg3+ 0-1

[Event "DRUZYNOWE MISTRZOSTWA POLSKI JUNIOROW - II LIGA"]
[Site "Szczyrk, CKiR Orle Gniazdo ul. Wrzosowa 28a"]
[Date "2014-07-28"]
[Round "5.14"]
[White "Klimek, Piotr"]
[Black "Korpalska, Joanna"]
[Result "1-0"]
[WhiteTitle "I"]
[BlackTitle "I++"]
[WhiteElo "1839"]
[BlackElo "1695"]

1. Nf3 d5 2. b3 Nf6 3. Bb2 c6 4. e3 Bg4 5. Be2 Nbd7 6. c4 e6 7. O-O Bd6 8. d4 O-O
9. Nbd2 Re8 10. Ne5 Bxe2 11. Qxe2 Qc7 12. f4 Bf8 13. g4 Nb6 14. g5 Nfd7 15. Rf3
f6 16. gxf6 Nxf6 17. Kh1 Nc8 18. c5 Ne7 19. e4 Rad8 20. Rh3 g6 21. Rg1 Bg7 22.
Ng4 Rf8 23. e5 Nxg4 24. Qxg4 Nf5 25. Nf3 Qd7 26. Nh4 Rf7 27. Nf3 Re7 28. Bc3 Rf8
29. Be1 Bh6 30. Ng5 Bxg5 31. Qxg5 Nxd4 32. Bh4 Rg7 33. Qg4 Nf5 34. Bf6 Rgf7 35.
Qxg6+ Rg7 36. Qxh7+ Kf7 37. Rxg7+ Nxg7 38. Qxg7+ Ke8 39. Qxf8+ Kxf8 40. Rh8+ Kf7
41. Rh7+ 1-0

[Event "DRUZYNOWE MISTRZOSTWA POLSKI JUNIOROW - II LIGA"]
[Site "Szczyrk, CKiR Orle Gniazdo ul. Wrzosowa 28a"]
[Date "2014-07-28"]
[Round "5.15"]
[White "Wrobel, Michal"]
[Black "Raclawicki, Kacper"]
[Result "1-0"]
[WhiteTitle "I"]
[BlackTitle "I"]
[WhiteElo "1720"]
[BlackElo "1540"]

1. e4 c6 2. d4 d5 3. exd5 cxd5 4. Bd3 Nc6 5. c3 Nf6 6. h3 g6 7. Nf3 Bg7 8. O-O
O-O 9. Bf4 Bf5 10. Bxf5 gxf5 11. Qd3 Ne4 12. Na3 a6 13. Nc2 b5 14. Nfe1 e6 15.
f3 Nd6 16. Qe2 b4 17. Nd3 bxc3 18. bxc3 Nb5 19. Qd2 Qa5 20. Ndb4 Nxb4 21. Nxb4
Rfc8 22. Bh6 Bxh6 23. Qxh6 Qd8 24. a4 Nxc3 25. Qd2 Rc4 26. Nd3 Qf6 27. Ne5 Rc7
28. Rfc1 Rac8 29. Kh1 Qe7 30. Nd3 Qh4 31. Nc5 Ne2 32. Qxe2 Qxd4 33. Qxa6 Rxc5
34. Qxc8+ Rxc8 35. Rxc8+ Kg7 36. Rcc1 Qa7 37. a5 d4 38. a6 d3 39. Rd1 e5 40. Rxd3
e4 41. Rd7 Qxd7 42. a7 e3 43. a8=Q e2 44. Qa5 Qd1+ 45. Qe1 1-0

[Event "DRUZYNOWE MISTRZOSTWA POLSKI JUNIOROW - II LIGA"]
[Site "Szczyrk, CKiR Orle Gniazdo ul. Wrzosowa 28a"]
[Date "2014-07-28"]
[Round "5.16"]
[White "Paliszewski, Dominik"]
[Black "Kawaler, Adam"]
[Result "0-1"]
[WhiteTitle "II"]
[BlackTitle "I"]
[WhiteElo "1621"]
[BlackElo "1610"]

1. e4 c5 2. Nf3 Nc6 3. Bb5 Nf6 4. Nc3 d6 5. h3 Bd7 6. O-O g6 7. Re1 Bg7 8. Bxc6
Bxc6 9. d4 cxd4 10. Nxd4 O-O 11. Qd3 Nd7 12. Nxc6 bxc6 13. Be3 Ne5 14. Qe2 c5
15. f4 Nc6 16. Qd2 Rb8 17. Rab1 Qa5 18. Nd1 Qxa2 19. Nc3 Qc4 20. Qd3 Qxd3 21.
cxd3 Rxb2 22. Rxb2 Bxc3 23. Reb1 Bxb2 24. Rxb2 Rb8 25. Rxb8+ Nxb8 26. Kf1 a5 27.
Ke1 Nc6 28. Kd2 a4 29. Kc3 a3 30. Kb3 Nb4 31. Bd2 a2 32. Kb2 Nxd3+ 33. Kxa2 Nf2
34. e5 d5 35. Kb3 c4+ 36. Kb4 Ne4 37. Be3 e6 38. Bd4 h5 39. g4 h4 40. Ka3 Kf8
41. Kb2 Ke7 42. Kc2 Kd7 43. Kb2 Kc6 44. Kc2 Kb5 45. Kb2 Kb4 46. Kc2 c3 47. Bb6
Kc4 48. Bd8 d4 49. Bxh4 d3+ 50. Kc1 c2 51. Be1 Kb3 0-1

[Event "DRUZYNOWE MISTRZOSTWA POLSKI JUNIOROW - II LIGA"]
[Site "Szczyrk, CKiR Orle Gniazdo ul. Wrzosowa 28a"]
[Date "2014-07-28"]
[Round "5.17"]
[White "Sekowska, Helena"]
[Black "Kopica, Paulina"]
[Result "0-1"]
[WhiteTitle "I"]
[BlackTitle "I"]
[WhiteElo "1489"]
[BlackElo "1697"]

1. e4 c5 2. c3 g6 3. d4 cxd4 4. cxd4 d5 5. e5 Bg7 6. Nf3 Bg4 7. Be2 Nc6 8. O-O
Nh6 9. h3 Bxf3 10. Bxf3 O-O 11. Nc3 e6 12. Be3 Nf5 13. Qd2 f6 14. exf6 Qxf6 15.
Bg4 Ncxd4 16. Rae1 Rfe8 17. Bxf5 Nxf5 18. Nb5 Nxe3 19. Qxe3 Qe7 20. Qg3 e5 21.
Qb3 Red8 22. Rc1 Rd7 23. Rfd1 Qf7 24. Rc5 d4 25. Qxf7+ Kxf7 26. Rdc1 d3 27. Rc7
Rad8 28. Rxd7+ Rxd7 29. Nc3 Ke6 30. g4 Bh6 31. Rd1 Bf4 32. Kg2 h5 33. Kf3 b6 34.
a3 a6 35. Na4 Rd6 36. Nc3 Rd4 37. Ne4 hxg4+ 38. hxg4 Kd5 39. Nd2 Bg5 40. Nb3 Rf4+
41. Kg3 e4 42. Nd2 Rf7 43. Nb1 Kd4 44. Nc3 d2 45. Kg2 Kd3 46. Rh1 e3 47. fxe3
Bxe3 48. Nd1 Bd4 49. b4 Kc2 50. a4 Re7 0-1

[Event "DRUZYNOWE MISTRZOSTWA POLSKI JUNIOROW - II LIGA"]
[Site "Szczyrk, CKiR Orle Gniazdo ul. Wrzosowa 28a"]
[Date "2014-07-28"]
[Round "5.18"]
[White "Trusz, Julia"]
[Black "Frej, Hanna"]
[Result "1/2-1/2"]
[WhiteTitle "I"]
[BlackTitle "II"]
[WhiteElo "1508"]
[BlackElo "1356"]

1. e4 c5 2. Nf3 Nc6 3. d4 cxd4 4. Nxd4 g6 5. Be2 Bg7 6. Nb3 Nf6 7. Nc3 O-O 8. O-O
d6 9. Bg5 Be6 10. f4 b5 11. Bf3 Qb6+ 12. Kh1 b4 13. Nd5 Bxd5 14. exd5 Na5 15.
Nxa5 Qxa5 16. Re1 Rfe8 17. Qd2 Qb6 18. Re2 Rac8 19. Bh4 Rc7 20. Bf2 Qb7 21. Qd3
Bh6 22. g3 a6 23. Be1 Rec8 24. c3 a5 25. Rc2 a4 26. c4 Bg7 27. Bf2 Nd7 28. Rb1
b3 29. axb3 axb3 30. Rcc1 Nc5 31. Bxc5 Rxc5 32. Bd1 Rb8 33. Qd2 Qb4 34. Qxb4 Rxb4
35. Kg2 Rbxc4 36. Rxc4 Rxc4 37. Bxb3 Rb4 38. Bd1 Rxb2+ 39. Rxb2 Bxb2 40. Kf3 Kg7
41. h3 Kf6 42. Ke4 e6 43. g4 e5 44. Ba4 exf4 45. Kxf4 Be5+ 46. Kf3 Kg5 47. Be8
f5 48. gxf5 gxf5 49. Bd7 f4 50. Be6 h5 51. Bd7 Kf6 1/2-1/2

[Event "DRUZYNOWE MISTRZOSTWA POLSKI JUNIOROW - II LIGA"]
[Site "Szczyrk, CKiR Orle Gniazdo ul. Wrzosowa 28a"]
[Date "2014-07-28"]
[Round "5.19"]
[White "Kyc, Jerzy"]
[Black "Kanicki, Krzysztof"]
[Result "0-1"]
[WhiteTitle "I++"]
[BlackTitle "I+"]
[WhiteElo "2096"]
[BlackElo "2028"]

1. e4 c5 2. Nf3 Nc6 3. Bb5 g6 4. O-O Bg7 5. Re1 Nf6 6. e5 Ng4 7. Bxc6 dxc6 8. h3
Nh6 9. d3 O-O 10. Nbd2 Nf5 11. a4 a5 12. Ne4 b6 13. Bf4 Nd4 14. Ng3 Be6 15. Ng5
Bd5 16. N5e4 Ne6 17. Qd2 Nxf4 18. Qxf4 Qc7 19. Nc3 Be6 20. Qe3 Rad8 21. Rad1 Rd4
22. b3 Rfd8 23. f4 Bh6 24. Nce4 c4 25. Ne2 R4d7 26. bxc4 Bxc4 27. Rb1 Bd5 28.
Qxb6 Qxb6+ 29. Rxb6 Bxe4 30. dxe4 Rc8 31. Ra6 g5 32. f5 Bg7 33. Rxa5 c5 34. Nc3
Bxe5 35. Nd5 Rxd5 36. exd5 Bc3 37. Ra7 Bxe1 38. Rxe7 Bc3 39. d6 Rd8 40. f6 Bxf6
41. Rc7 Rxd6 42. Kf1 Bd4 43. c3 Bxc3 44. Rxc5 Bf6 45. Ke2 h6 46. h4 gxh4 47. Rc8+
Kg7 48. Rc4 Rd4 49. Rxd4 Bxd4 50. Kf3 f5 51. a5 Kf6 52. Kf4 Ba7 53. a6 Bb8+ 54.
Kf3 Ke5 55. Ke3 Ba7+ 56. Kf3 Bb6 57. g4 hxg3 58. Kxg3 Ke4 59. Kg2 Ke3 60. Kf1
Kf3 61. a7 Bxa7 0-1

[Event "DRUZYNOWE MISTRZOSTWA POLSKI JUNIOROW - II LIGA"]
[Site "Szczyrk, CKiR Orle Gniazdo ul. Wrzosowa 28a"]
[Date "2014-07-28"]
[Round "5.20"]
[White "Marko, Piotr"]
[Black "Krzeminski, Sebastian"]
[Result "0-1"]
[WhiteTitle "II"]
[BlackTitle "II+"]
[WhiteElo "1628"]
[BlackElo "1704"]

1. e4 c5 2. Nf3 a6 3. Nc3 Nc6 4. d4 cxd4 5. Nxd4 d6 6. Be3 Nf6 7. Nxc6 bxc6 8.
Be2 Bb7 9. O-O e5 10. Qd3 Be7 11. f4 Nd7 12. Rad1 O-O 13. Bf3 exf4 14. Bxf4 Ne5
15. Bxe5 dxe5 16. Qc4 Qc7 17. Bh5 g6 18. Nd5 Qd6 19. Nf6+ Qxf6 20. Rxf6 Bxf6 21.
Rf1 Kg7 22. Bg4 a5 23. Rf2 h5 24. Qb3 Bh4 25. g3 Bg5 26. Qxb7 hxg4 27. Kg2 Be3
28. Rf1 Rab8 29. Qxc6 Rxb2 30. Kh1 Rb6 31. Qc7 Re6 32. c4 Bb6 33. Qd7 Bd4 34.
Qc7 Bb6 35. Qd7 Bd4 36. Qd5 Rb8 37. Qd7 Rf6 38. Rxf6 Rb1+ 0-1

[Event "DRUZYNOWE MISTRZOSTWA POLSKI JUNIOROW - II LIGA"]
[Site "Szczyrk, CKiR Orle Gniazdo ul. Wrzosowa 28a"]
[Date "2014-07-28"]
[Round "5.21"]
[White "Urbanski, Wojciech"]
[Black "Miszkielo, Bartosz"]
[Result "1-0"]
[WhiteTitle "II"]
[BlackTitle "I"]
[WhiteElo "1512"]
[BlackElo "1678"]

1. e4 c5 2. Nf3 Nc6 3. Bb5 Nf6 4. e5 Nd5 5. Nc3 Nc7 6. Bxc6 dxc6 7. h3 Bf5 8. O-O
Qd7 9. d4 Rd8 10. Be3 g5 11. dxc5 Qc8 12. Qe2 g4 13. Nd4 gxh3 14. g3 h2+ 15. Kxh2
h5 16. e6 Bxe6 17. Nxe6 Nxe6 18. Kg2 h4 19. Rh1 h3+ 20. Kh2 Bh6 21. Rhd1 Rxd1
22. Rxd1 Bxe3 23. Qxe3 Rh5 24. b4 Nc7 25. Ne4 Qe6 26. Qf4 Qe5 27. Qxe5 Rxe5 28.
Nc3 Rh5 29. a3 Nd5 30. Nxd5 cxd5 31. a4 e6 32. b5 d4 33. Rxd4 Rxc5 34. c4 Rf5
35. Rf4 Rh5 36. Rh4 Rf5 37. f4 Rc5 38. Rh8+ Kd7 39. Ra8 Kc7 40. Rxa7 Kb8 41. b6
Rxc4 42. a5 Ra4 43. Kxh3 f6 44. Kg2 f5 45. Kf3 Ra3+ 46. Kg2 Ra4 47. Kh3 Ra3 48.
Kh4 Re3 49. a6 bxa6 50. Rxa6 Kb7 51. Ra1 Kxb6 52. Rc1 Re4 53. Rc3 Re2 54. Kg5
Kb7 55. Kf6 Re1 56. Ke7 Re2 57. Rd3 Kc7 58. Rd6 e5 59. Re6 e4 60. Kf6 Re3 61.
Kxf5 Rxg3 62. Rxe4 Kd6 63. Kf6 Kd5 64. Re1 Ra3 65. f5 Rg3 66. Kf7 Kd6 67. f6 Rg4
68. Kf8 Kd7 69. f7 Ra4 70. Rg1 Ke6 71. Kg7 Ra7 72. Re1+ Kf5 73. Kg8 1-0

[Event "DRUZYNOWE MISTRZOSTWA POLSKI JUNIOROW - II LIGA"]
[Site "Szczyrk, CKiR Orle Gniazdo ul. Wrzosowa 28a"]
[Date "2014-07-28"]
[Round "5.22"]
[White "Tokarz, Krzysztof"]
[Black "Warchol, Bartosz"]
[Result "1/2-1/2"]
[WhiteTitle "II"]
[BlackTitle "II"]
[WhiteElo "1485"]
[BlackElo "1510"]

1. Nf3 c5 2. g3 d5 3. Bg2 Nc6 4. d3 Nf6 5. Bg5 e6 6. Nbd2 Bd6 7. e4 h6 8. Bxf6
Qxf6 9. c3 O-O 10. O-O d4 11. c4 a6 12. Qe2 Rb8 13. Rab1 b5 14. b3 e5 15. h3 Qd8
16. Nh2 Qa5 17. Ra1 Be6 18. f4 bxc4 19. Nxc4 Bxc4 20. dxc4 Qc3 21. Qf3 Qxf3 22.
Rxf3 Bc7 23. f5 Rfd8 24. Bf1 a5 25. Ng4 Rb7 26. Nf2 Ra8 27. Nd3 Bd6 28. Be2 Nb4
29. Bd1 Nxd3 30. Rxd3 Be7 31. h4 Rb6 32. Bc2 Bd8 33. Kg2 a4 34. Kh3 axb3 35. Bxb3
Ra3 36. Rf1 Rb7 37. Kg4 Ba5 38. Kh3 Bc3 39. Kg4 Raxb3 40. axb3 Rxb3 41. Ra1 Rb4
42. Ra8+ Kh7 43. f6 gxf6 44. Kf5 Kg7 45. Ra6 Rxc4 46. Rxf6 Rb4 47. Rc6 c4 48.
Rd1 d3 49. Kg4 d2 50. Kf3 Rb2 51. Rxc4 Rc2 52. Ke2 Rc1 53. Rc6 f6 54. h5 Kf7 55.
Rc7+ Kg8 56. g4 Rxd1 57. Kxd1 Ba5 58. Ra7 Bb4 59. Rd7 Ba5 60. Rxd2 Bxd2 61. Kxd2
Kf7 62. Kc3 Ke6 63. Kc4 Kd6 64. Kb5 Kd7 65. Kb6 Kd6 66. Kb5 Kd7 67. Kc5 Kc7 68.
Kd5 Kd7 69. Kc5 Kc7 1/2-1/2